000 01228nam a2200325 i 4500
003 DO-SdBNP
005 20250227073850.0
007 ta
008 210830e2018 dr acdggrf||| 0|1 0 spa d
020 _a9789945443622 (serie)
020 _a9789945852703 (v. 255)
040 _aDO-SdBNP
_bspa
_cBNPHU
_erda
082 4 _bH557ma
_222
100 1 _aHernández, Edith
_959742
245 1 3 _aManual de estética musical. /
_cEdith Hernández ; próñogo y edición, José Alcántara Almánzar
264 _aSanto Domingo :
_bBanco Central de la República Dominicana,
_c2018.
300 _a392 páginas :
_bilustraciones, diágramas, retratos;
_c23 cm
336 _2rdacontent
_atexto
_btxt
337 _2rdamedia
_asin mediación
_bn
338 _2rdacarrier
_avolumen
_bnc
490 _aBanco Central de la República Dominicana
_v255
490 _aArte y Literatura
_v93
500 _aIncluye biografía de la autora en las solapas.
500 _aIncluye referencias bibliográficas y notas al pie de las páginas.
590 _aInventariado 2023/BT
650 4 _aEstética musical
_xManuales
_979649
700 1 _aAlcántara Almánzar, José
_d1946-
_eprólogo y edición
_97018
910 _aBtavárez
942 _2ddc
_cLBS1
999 _c50333
_d50333